00357nam a2200133 a 450008200150000010000300001524500240004526000330006930000090010250000350011150500270014665000200017370000300019300a297.2bTAI aIbn Taimyia, Abdul Haleem aAl-Jawab as Shahih. aEgyptbMaktaba-E-ilmiac1905 a336p aincludes index and biblioraphy2 a3 vols. bound together aIslam-Doctrines1 aIbn Taimyia, Abdul Haleem